| 000 | 01005nam a22002417a 4500 | ||
|---|---|---|---|
| 003 | OSt | ||
| 005 | 20260122195935.0 | ||
| 008 | 230420b ||||| |||| 00| 0 eng d | ||
| 040 | _cOst | ||
| 041 | _ashan | ||
| 082 | _a418 | ||
| 245 |
_aဝေႃးႁၢၼ်။ _bၶူဝ်းတွၼ်ႈဝၼ်းတႆး63။ _cၼုမ်ႇႁၢႆးႁုၼ်ႈမႂ်ႇ၊ တူင်ႇဝဵင်းမူႇၸေႈ ၶပ်းၶိုင်- |
||
| 250 | _aပွၵ်ႈၵမ်း-2 | ||
| 260 |
_aတႃႈၵုင်ႈ _bမွၵ်ႇၵူႇသွႆႈလႅင် _c2010 |
||
| 300 |
_aၶ၊ 65 ၼႃႈ _c18 ၸိၼ်ႇထီႇ |
||
| 500 | _aS-SAT: Dr. Prof Sai Aung Tun | ||
| 500 | _aပပ်ႉၸဝ်ႈတႃႇၼႁင်းၶေႃ တွၵ်ႉတိူဝ်ႇၸၢႆးဢွင်ႇထုၼ်း လူႇဝႆႇ | ||
| 650 |
_aဝေႃးႁၢၼ် _923318 |
||
| 942 | _cBK1 | ||
| 942 | _2ddc | ||
| 942 | _2ddc | ||
| 942 | _2ddc | ||
| 999 |
_c24118 _d24118 |
||